[Event "25th European Teams"]
[Site "Batumi GEO"]
[Date "2025.10.14"]
[Round "9.17"]
[Board "3"]
[White "Shamatava, Nikolozi"]
[Black "Saraci, Korab"]
[Result "1/2-1/2"]
[WhiteTitle "FM"]
[BlackTitle "CM"]
[WhiteElo "2296"]
[BlackElo "2197"]
[WhiteTeam "Georgia 3"]
[BlackTeam "Kosovo"]
[WhiteFideId "13619950"]
[BlackFideId "4701968"]
[EventDate "2025.10.05"]

1. d4 Nf6 2. c4 e6 3. Nf3 d5 4. Nc3 Be7 5. Bf4 O-O 6. e3 c6 7. Bd3 Nbd7 8. O-O
a5 9. cxd5 exd5 10. h3 Re8 11. Rc1 Nf8 12. Ne5 Ng6 13. Bg3 Nxe5 14. dxe5 Nd7 15.
Nxd5 Nxe5 16. Bb1 Bf6 17. Nxf6+ Qxf6 18. Qb3 Ng6 19. Rfd1 Ne7 20. e4 Ng6 21. a3
h5 22. Qc3 Qe7 23. e5 h4 24. Bh2 Qg5 25. Bxg6 Qxg6 26. Rd4 Be6 27. Rcd1 Qg5 28.
Qd2 Qxd2 29. R1xd2 c5 30. Rd6 b5 31. Bf4 Bb3 32. Rc6 Rac8 33. Rb6 b4 34. Rb5 a4
35. axb4 1/2-1/2

[Event "25th European Teams"]
[Site "Batumi GEO"]
[Date "2025.10.14"]
[Round "9.17"]
[Board "4"]
[White "Krasniqi, Alban"]
[Black "Safarov, Deniel"]
[Result "0-1"]
[BlackTitle "FM"]
[WhiteElo "2131"]
[BlackElo "2280"]
[WhiteTeam "Kosovo"]
[BlackTeam "Georgia 3"]
[WhiteFideId "22101381"]
[BlackFideId "13619802"]
[EventDate "2025.10.05"]

1. d4 Nf6 2. c4 c5 3. d5 b5 4. cxb5 a6 5. e3 e6 6. dxe6 fxe6 7. Nf3 d5 8. Be2
Bd6 9. Nbd2 O-O 10. O-O axb5 11. Bxb5 Qc7 12. Qc2 Nc6 13. b3 Ne5 14. Rd1 Nxf3+
15. Nxf3 e5 16. e4 Nxe4 17. Rxd5 Nf6 18. Ng5 e4 19. Rxd6 Qxd6 20. Bc4+ Kh8 21.
Nf7+ Rxf7 22. Bxf7 Ng4 23. g3 Qf6 24. Bd5 e3 25. fxe3 Nxe3 26. Qe2 Ba6 27. Qf2
Qxf2+ 28. Kxf2 Nxd5 29. Bd2 Bd3 30. a4 Re8 31. Rc1 Re2+ 32. Kf3 Rxd2 33. Rxc5
Bf5 34. b4 h5 35. b5 g5 36. g4 hxg4+ 37. Kg3 Ne3 0-1

[Event "25th European Teams"]
[Site "Batumi GEO"]
[Date "2025.10.14"]
[Round "9.18"]
[Board "1"]
[White "Rodshtein, Maxim"]
[Black "Nemeth, Zalan"]
[Result "1-0"]
[WhiteTitle "GM"]
[BlackTitle "FM"]
[WhiteElo "2647"]
[BlackElo "2212"]
[WhiteTeam "Israel"]
[BlackTeam "Ireland"]
[WhiteFideId "2806851"]
[BlackFideId "2512041"]
[EventDate "2025.10.05"]

1. c4 e6 2. Nc3 d5 3. d4 c6 4. e3 f5 5. Bd3 Nf6 6. Nh3 Bd6 7. O-O O-O 8. f3 Qc7
9. Kh1 Bxh2 10. f4 Ng4 11. Be2 h5 12. Qe1 Rf6 13. Ng5 h4 14. Bxg4 Bg3 15. Qe2
fxg4 16. e4 b6 17. e5 Rg6 18. Qxg4 Qd7 19. Be3 1-0

[Event "25th European Teams"]
[Site "Batumi GEO"]
[Date "2025.10.14"]
[Round "9.18"]
[Board "2"]
[White "Melaugh, Shane"]
[Black "Sokolovsky, Yahli"]
[Result "0-1"]
[WhiteTitle "CM"]
[BlackTitle "GM"]
[WhiteElo "2192"]
[BlackElo "2539"]
[WhiteTeam "Ireland"]
[BlackTeam "Israel"]
[WhiteFideId "2509580"]
[BlackFideId "2820242"]
[EventDate "2025.10.05"]

1. c4 Nf6 2. Nc3 g6 3. g3 Bg7 4. Bg2 d6 5. Nf3 O-O 6. O-O Re8 7. d4 Bd7 8. h3 e5
9. e4 exd4 10. Nxd4 Nc6 11. Be3 Qc8 12. Kh2 a6 13. Rc1 Ne5 14. b3 c5 15. Nde2 b5
16. Bg5 bxc4 17. bxc4 Bc6 18. Qxd6 Nfd7 19. Nd1 h6 20. Be3 Rd8 21. Qd2 Nb6 22.
Qc2 Ba4 23. Qb1 Nbxc4 24. Nec3 Rb8 25. Qa1 Nd3 26. Rb1 Bc2 27. Rxb8 Qxb8 28. a4
Qb3 29. Qa2 Bxd1 30. Rxd1 Qxc3 31. Bxc5 Ncb2 32. Bb6 Rd6 33. Rxd3 Nxd3 34. Be3
Bd4 35. Bxh6 Bxf2 36. Qb1 Qe5 37. Qb8+ Kh7 38. Qf8 Bxg3+ 39. Kg1 Qd4+ 0-1

[Event "25th European Teams"]
[Site "Batumi GEO"]
[Date "2025.10.14"]
[Round "9.18"]
[Board "3"]
[White "Boruchovsky, Avital"]
[Black "Tureshbayev, Anuar"]
[Result "1-0"]
[WhiteTitle "GM"]
[BlackTitle "CM"]
[WhiteElo "2509"]
[BlackElo "2285"]
[WhiteTeam "Israel"]
[BlackTeam "Ireland"]
[WhiteFideId "2800055"]
[BlackFideId "651081709"]
[EventDate "2025.10.05"]

1. e4 c5 2. c3 d5 3. exd5 Qxd5 4. d4 Nf6 5. Nf3 Bg4 6. dxc5 Qxd1+ 7. Kxd1 e5 8.
Be2 e4 9. Ne5 Bxe2+ 10. Kxe2 Bxc5 11. Rd1 Nbd7 12. Nxd7 Nxd7 13. Bf4 O-O-O 14.
b4 Be7 15. Na3 Nb8 16. Nc4 b5 17. Na5 Rxd1 18. Rxd1 Bf6 19. Rd5 a6 20. c4 bxc4
21. Nxc4 Kb7 22. b5 axb5 23. Rxb5+ Ka8 24. Ra5+ Kb7 25. Rb5+ Ka8 26. Be3 Nc6 27.
Nb6+ Kb7 28. Nd5+ Kc8 29. Nxf6 gxf6 30. Rf5 1-0

[Event "25th European Teams"]
[Site "Batumi GEO"]
[Date "2025.10.14"]
[Round "9.18"]
[Board "4"]
[White "O'Gorman, Alice"]
[Black "Parkhov, Yair"]
[Result "0-1"]
[BlackTitle "GM"]
[WhiteElo "1960"]
[BlackElo "2503"]
[WhiteTeam "Ireland"]
[BlackTeam "Israel"]
[WhiteFideId "2508214"]
[BlackFideId "2813408"]
[EventDate "2025.10.05"]

1. e4 e6 2. d4 d5 3. exd5 exd5 4. Bd3 c5 5. dxc5 Bxc5 6. Nf3 Nf6 7. O-O O-O 8.
Nc3 h6 9. h3 Nc6 10. Bf4 a6 11. a3 Re8 12. b4 Bf8 13. Re1 Rxe1+ 14. Qxe1 Be6 15.
Rd1 Rc8 16. Ne2 Bd7 17. Ned4 Nxd4 18. Nxd4 Qb6 19. Be3 Qc7 20. Nb3 Ba4 21. Nc5
Bb5 22. Bxb5 axb5 23. Qf1 Qc6 24. Bd4 Ne4 25. Nxe4 dxe4 26. c3 Ra8 27. Ra1 Qd5
28. Qe2 Ra6 29. Re1 f5 30. Ra1 Rg6 31. Qa2 Qxa2 32. Rxa2 Ra6 33. f3 exf3 34.
gxf3 Kf7 35. Kf2 g5 36. Re2 Bd6 37. Be5 Be7 38. Bd4 Re6 39. Ra2 h5 40. a4 Ra6
41. a5 Rc6 42. Re2 Re6 43. Rd2 Rd6 44. Re2 Rd5 45. Ke3 Rd7 46. Ra2 Rd6 47. Kd3
h4 48. Rg2 Bf6 49. Rc2 Be5 50. Ke3 Bg3 51. Kd3 Bf4 52. Re2 Bg3 53. c4 bxc4+ 54.
Kxc4 g4 55. fxg4 fxg4 56. hxg4 h3 57. Bg1 Rg6 58. Bh2 Rxg4+ 59. Kb5 Bh4 60. Bd6
Rg6 61. Kc5 Rf6 62. b5 Bf2+ 63. Rxf2 Rxf2 64. Kb6 Rf6 65. Kc7 Rxd6 0-1

[Event "25th European Teams"]
[Site "Batumi GEO"]
[Date "2025.10.14"]
[Round "9.19"]
[Board "1"]
[White "Makharadze, Jambul"]
[Black "Nielsen, Hogni Egilstoft"]
[Result "1/2-1/2"]
[BlackTitle "IM"]
[WhiteElo "2291"]
[BlackElo "2389"]
[WhiteTeam "Georgia 4"]
[BlackTeam "Faroe Islands"]
[WhiteFideId "13601369"]
[BlackFideId "7200404"]
[EventDate "2025.10.05"]

1. d4 Nf6 2. c4 c5 3. Nf3 g6 4. Nc3 cxd4 5. Nxd4 Nc6 6. e4 d6 7. Be2 Bg7 8. Be3
O-O 9. O-O Bd7 10. Qd2 Rc8 11. f3 a6 12. Rfd1 Qa5 13. Nxc6 Bxc6 14. Nd5 Qd8 15.
Nb6 Rb8 16. Rac1 Nd7 17. Nxd7 Qxd7 18. c5 Rbd8 19. cxd6 Qxd6 20. Qxd6 Rxd6 21.
Rxd6 exd6 22. Bxa6 Bxb2 23. Rc2 Be5 24. Bc4 Kg7 25. Rd2 h5 26. Bd5 Bxd5 27. Rxd5
Ra8 28. f4 Bf6 29. Rxd6 Ra3 30. Kf2 Rxa2+ 31. Kf3 Ra3 32. Rd7 Kf8 33. g3 Ke8 34.
Rd5 Rb3 35. h3 Bd8 36. Ke2 Rb2+ 37. Kf1 Rb3 38. Kf2 Rb2+ 39. Kf3 Rb3 40. Ke2 Bb6
41. Bxb6 Rxb6 42. Rd3 Rb1 43. g4 h4 44. e5 b5 45. f5 b4 46. Kf2 b3 47. Kg2 Rb2+
48. Kg1 Ke7 49. Kf1 gxf5 50. gxf5 Ke8 51. Kg1 Re2 52. Rxb3 Rxe5 53. Rb4 Rxf5 54.
Rxh4 Ra5 55. Re4+ Kf8 56. Kg2 Ra3 57. Rf4 Kg7 58. Rf3 1/2-1/2

[Event "25th European Teams"]
[Site "Batumi GEO"]
[Date "2025.10.14"]
[Round "9.19"]
[Board "2"]
[White "Apol, Luitjen Akselsson"]
[Black "Didmanidze, Tengiz"]
[Result "1/2-1/2"]
[WhiteTitle "FM"]
[WhiteElo "2318"]
[BlackElo "1995"]
[WhiteTeam "Faroe Islands"]
[BlackTeam "Georgia 4"]
[WhiteFideId "7202466"]
[BlackFideId "13611410"]
[EventDate "2025.10.05"]

1. e4 c5 2. Nf3 d6 3. d4 cxd4 4. Nxd4 Nf6 5. Nc3 a6 6. Bg5 e6 7. f4 Be7 8. Qf3
Qc7 9. O-O-O Nbd7 10. Bd3 b5 11. Rhe1 Bb7 12. Qg3 h6 13. Bxf6 Bxf6 14. Bxb5 axb5
15. Ndxb5 Qb6 16. Rxd6 Bc6 17. e5 Be7 18. Qxg7 Rf8 19. Red1 Rxa2 20. Nxa2 Qxb5
21. R6d3 Qa4 22. Kb1 Qxf4 23. Re1 Qxh2 24. Nc1 Qh4 25. g3 Qb4 26. Rc3 Qa5 27.
Nd3 Bd5 28. Qxh6 Nc5 29. Nf4 Qa2+ 30. Kc1 Na4 31. Nxd5 Qxb2+ 32. Kd2 Bb4 33. Re3
exd5 34. Qc6+ Ke7 35. Qf6+ Ke8 36. Qc6+ Ke7 37. Qf6+ Ke8 38. Qc6+ 1/2-1/2

[Event "25th European Teams"]
[Site "Batumi GEO"]
[Date "2025.10.14"]
[Round "9.19"]
[Board "3"]
[White "Diasamidze, Lulu"]
[Black "Egilstoft, Rogvi"]
[Result "0-1"]
[BlackTitle "FM"]
[WhiteElo "1839"]
[BlackElo "2304"]
[WhiteTeam "Georgia 4"]
[BlackTeam "Faroe Islands"]
[WhiteFideId "13623818"]
[BlackFideId "7200447"]
[EventDate "2025.10.05"]

1. e4 e5 2. Nf3 Nc6 3. Bb5 Nge7 4. O-O g6 5. c3 a6 6. Ba4 Bg7 7. d4 exd4 8. cxd4
b5 9. Bb3 O-O 10. d5 Na5 11. Bd2 c5 12. e5 Nxb3 13. axb3 d6 14. Ba5 Qd7 15. b4
c4 16. Nc3 dxe5 17. Re1 Qd6 18. Ng5 Bf5 19. Qf3 h6 20. Nge4 Bxe4 21. Nxe4 Qxd5
22. Rad1 Qe6 23. Rd6 Qf5 24. Qd1 Qc8 25. Nc3 Kh7 26. g4 Nc6 27. Nd5 Nd4 28. Bb6
Rb8 29. Ne7 Qb7 30. Nd5 Ne6 31. Qf3 Ng5 32. Qg3 e4 33. Rd1 Rbe8 34. Nf6+ Bxf6
35. Rxf6 Re6 36. Rxe6 fxe6 37. Qc7+ Qxc7 38. Bxc7 Rf7 39. Bg3 h5 40. gxh5 gxh5
41. h4 Nh3+ 42. Kg2 Nf4+ 43. Bxf4 Rxf4 44. Rd7+ Kg8 45. Rd6 Rf3 46. Rxa6 Rb3 47.
Rxe6 Rxb4 48. Rxe4 Rxb2 49. Kf3 c3 50. Ke3 b4 51. Rc4 c2 52. Kd2 b3 0-1

[Event "25th European Teams"]
[Site "Batumi GEO"]
[Date "2025.10.14"]
[Round "9.19"]
[Board "4"]
[White "Poulsen, Martin"]
[Black "Gaprindashvili, Valeriane"]
[Result "0-1"]
[WhiteTitle "FM"]
[BlackTitle "GM"]
[WhiteElo "2276"]
[BlackElo "2347"]
[WhiteTeam "Faroe Islands"]
[BlackTeam "Georgia 4"]
[WhiteFideId "7200315"]
[BlackFideId "13601091"]
[EventDate "2025.10.05"]

1. e4 c6 2. d4 d5 3. e5 c5 4. dxc5 Nc6 5. f4 e6 6. Nf3 Bxc5 7. Bd3 a5 8. a4 Nh6
9. Nbd2 Ng4 10. Nb3 Bf2+ 11. Ke2 Qb6 12. Bd2 Nb4 13. Nc1 Bc5 14. Bb5+ Bd7 15.
Bxd7+ Kxd7 16. Rf1 Nf2 17. Rxf2 Bxf2 18. Bxb4 axb4 19. a5 Qa7 20. Nd3 Bb6 21.
Nxb4 Bxa5 22. Nd3 Qb8 23. c4 Bb6 24. cxd5 Rxa1 25. dxe6+ fxe6 26. Nc5+ Kc6 27.
Nd4+ Kxc5 28. b4+ Kxb4 29. Qb3+ Kc5 30. Nxe6+ Kc6 31. Qc4+ Kd7 32. Nxg7 Qc7 33.
Qe6+ Kd8 34. Nf5 Rf8 0-1

[Event "25th European Teams"]
[Site "Batumi GEO"]
[Date "2025.10.14"]
[Round "9.20"]
[Board "1"]
[White "Bogner, Sebastian"]
[Black "Waldhausen Gordon, Frederick"]
[Result "1-0"]
[WhiteTitle "GM"]
[BlackTitle "FM"]
[WhiteElo "2555"]
[BlackElo "2389"]
[WhiteTeam "Switzerland"]
[BlackTeam "Scotland"]
[WhiteFideId "4692055"]
[BlackFideId "2409143"]
[EventDate "2025.10.05"]

1. d4 d5 2. c4 e6 3. Nf3 a6 4. cxd5 exd5 5. Nc3 c6 6. h3 Bd6 7. Bg5 f6 8. Bd2
Ne7 9. Qb3 Ng6 10. e4 dxe4 11. Nxe4 b5 12. Bd3 Nf4 13. Nxd6+ Qxd6 14. Bxf4 Qxf4
15. O-O Ra7 16. Rfe1+ Kd8 17. a4 Rd7 18. Re4 Qd6 19. Rae1 Rb7 20. R4e2 Bd7 21.
axb5 axb5 22. Bxh7 Qd5 23. Qd3 Na6 24. Qg6 Bxh3 25. Re8+ Rxe8 26. Rxe8+ Kc7 27.
Qg3+ Kd7 28. Qxh3+ Kxe8 29. Qc8+ Qd8 30. Bg6+ Ke7 31. Qxb7+ Nc7 32. Qxc6 Ne6 33.
Qxb5 Qd6 1-0

[Event "25th European Teams"]
[Site "Batumi GEO"]
[Date "2025.10.14"]
[Round "9.20"]
[Board "2"]
[White "Grant, Jonathan I M"]
[Black "Peng, Li Min"]
[Result "0-1"]
[BlackTitle "GM"]
[WhiteElo "2134"]
[BlackElo "2498"]
[WhiteTeam "Scotland"]
[BlackTeam "Switzerland"]
[WhiteFideId "2400294"]
[BlackFideId "14112620"]
[EventDate "2025.10.05"]

1. c4 e5 2. Nc3 Nc6 3. g3 f5 4. Nf3 Nf6 5. d4 e4 6. Nh4 d5 7. cxd5 Nxd5 8. e3
Be6 9. f3 Bb4 10. Bd2 O-O 11. Bc4 Bxc3 12. bxc3 Na5 13. Be2 f4 14. c4 Nxe3 15.
Bxe3 fxe3 16. d5 Bh3 17. f4 Rxf4 18. Qa4 Qf6 19. O-O-O Rf2 20. Rhe1 Bg4 0-1

[Event "25th European Teams"]
[Site "Batumi GEO"]
[Date "2025.10.14"]
[Round "9.20"]
[Board "3"]
[White "Kurmann, Oliver"]
[Black "Mitchell, Martin"]
[Result "1-0"]
[WhiteTitle "IM"]
[WhiteElo "2409"]
[BlackElo "2117"]
[WhiteTeam "Switzerland"]
[BlackTeam "Scotland"]
[WhiteFideId "1308173"]
[BlackFideId "2400634"]
[EventDate "2025.10.05"]

1. e4 d6 2. d4 Nf6 3. Nc3 g6 4. Be3 c6 5. h3 Nbd7 6. f4 Bg7 7. e5 Nd5 8. Nxd5
cxd5 9. Qd2 Nb6 10. b3 O-O 11. Bd3 dxe5 12. fxe5 f6 13. exf6 Bxf6 14. Nf3 Bf5
15. Bxf5 gxf5 16. g4 Kh8 17. Bh6 Rg8 18. gxf5 Qd7 19. Qf4 Rg2 20. Ne5 Qb5 21.
O-O-O Qe2 22. Rd2 Qxd2+ 23. Qxd2 Rxd2 24. Kxd2 Nc8 25. Kd3 Nd6 26. Rf1 Rg8 27.
Ng4 Bg5 28. Bxg5 Rxg5 29. f6 exf6 30. Rxf6 Ne4 31. Rf3 Rh5 32. Re3 Rh4 33. c4
Ng5 34. cxd5 h5 35. Ne5 Rxh3 36. Nf7+ 1-0

[Event "25th European Teams"]
[Site "Batumi GEO"]
[Date "2025.10.14"]
[Round "9.20"]
[Board "4"]
[White "Morrison, Chris"]
[Black "Fecker, Noah"]
[Result "0-1"]
[BlackTitle "FM"]
[WhiteElo "2174"]
[BlackElo "2364"]
[WhiteTeam "Scotland"]
[BlackTeam "Switzerland"]
[WhiteFideId "2400235"]
[BlackFideId "1334263"]
[EventDate "2025.10.05"]

1. e4 c5 2. Nc3 Nc6 3. g3 g6 4. Bg2 Bg7 5. d3 d6 6. Be3 Nf6 7. h3 Rb8 8. f4 O-O
9. Nge2 Nd7 10. d4 cxd4 11. Nxd4 Nc5 12. O-O Ne6 13. Nce2 Nexd4 14. Nxd4 Qa5 15.
c3 a6 16. Rf2 Bd7 17. Qd2 Rbc8 18. g4 Nxd4 19. Bxd4 e5 20. fxe5 dxe5 21. b4 Qc7
22. Bc5 Rfd8 23. Qe3 Be6 24. Bb6 Bh6 25. Bxc7 Bxe3 26. Bxd8 Rxd8 27. Re1 Bxf2+
28. Kxf2 Bxa2 29. Ke3 Kf8 30. Bf1 Be6 31. Ra1 Ke7 32. b5 axb5 33. Bxb5 Rc8 34.
Kd3 f5 35. gxf5 gxf5 36. Ra7 Rc7 37. c4 f4 38. h4 Kd6 39. Ra8 Rg7 40. Rd8+ Ke7
41. Rb8 Kf6 42. c5 Rc7 43. Bc4 Bxc4+ 44. Kxc4 Rd7 45. Kb5 f3 46. Ra8 f2 47. Ra1
Rd2 48. Rf1 Ke6 49. Kb6 Kd7 50. Kxb7 Rb2+ 51. Ka6 Kc6 52. Ka5 Kxc5 53. Ka4 Kd4
54. Ka3 Re2 55. Kb3 Kxe4 56. Kc3 Kf3 0-1